书目信息 |
| 题名: |
不可不知的2000个军事常识
|
|
| 作者: | 王晓梅 , 一凡 主编 | |
| 分册: | ||
| 出版信息: | 北京 中央编译出版社 2009.5 |
|
| 页数: | 20,414页 | |
| 开本: | 24cm | |
| 丛书名: | ||
| 单 册: | ||
| 中图分类: | E-49 | |
| 科图分类: | ||
| 主题词: | 军事--通俗读物 , 军事 | |
| 电子资源: | ||
| ISBN: | 978-7-80211-929-1 | |
| 000 | 00827nam0 2200253 45 | |
| 001 | 512 | |
| 005 | 20120531153005.14 | |
| 010 | @a978-7-80211-929-1@dCNY38.00 | |
| 100 | @a20120328d2009 em y0chiy0110 ea | |
| 101 | 0 | @achi |
| 102 | @aCN@b110000 | |
| 105 | @ay z 000yy | |
| 106 | @ar | |
| 200 | 1 | @a不可不知的2000个军事常识@ABu Ke Bu Zhi De 2000 Ge Jun Shi Chang Shi@f王晓梅,一凡主编@FWang Xiao Mei, Yi Fan Zhu Bian |
| 210 | @a北京@c中央编译出版社@d2009.5 | |
| 215 | @a20,414页@d24cm | |
| 330 | @a本书分军事历史、军事常识、武器装备、军种、军事制度、军事学术六部分,介绍了2000个有关古今中外的军事常识。 | |
| 606 | 0 | @a军事@j通俗读物 |
| 606 | 0 | @a军事 |
| 690 | @aE-49@v4 | |
| 701 | 0 | @a王晓梅@AWang Xiao Mei@4主编 |
| 701 | 0 | @a一凡@AYi Fan@4主编 |
| 801 | 0 | @aCN@bTSTCL@c20120328 |
| 905 | @b0813825-31@dE-49@e23@f7 | |
| 不可不知的2000个军事常识/王晓梅,一凡主编.-北京:中央编译出版社,2009.5 |
| 20,414页;24cm |
| ISBN 978-7-80211-929-1:CNY38.00 |
| 本书分军事历史、军事常识、武器装备、军种、军事制度、军事学术六部分,介绍了2000个有关古今中外的军事常识。 |
| ● |
| 相关链接 |
|
|
|
|
正题名:不可不知的2000个军事常识
索取号:E-49/23
 
预约/预借
| 序号 | 登录号 | 条形码 | 馆藏地/架位号 | 状态 | 备注 |
| 1 | 0813825 | 208138255 | 第一样本阅览室/ [索取号:E-49/23] | 在馆 | |
| 2 | 0813826 | 208138264 | 第一借阅区/ [索取号:E-49/23] | 在馆 | |
| 3 | 0813827 | 208138273 | 第一借阅区/ [索取号:E-49/23] | 在馆 | |
| 4 | 0813828 | 208138282 | 第一借阅区/ [索取号:E-49/23] | 在馆 | |
| 5 | 0813829 | 208138291 | 第一借阅区/ [索取号:E-49/23] | 在馆 | |
| 6 | 0813830 | 208138308 | 第一借阅区/ [索取号:E-49/23] | 在馆 | |
| 7 | 0813831 | 208138317 | 第一借阅区/ [索取号:E-49/23] | 在馆 |